A magyarországi matematika története /

Uložené v:
Podrobná bibliografia
Hlavný autor: Szénássy, Barna (Author)
Médium: Kniha
Jazyk:Hungarian
Vydané: Budapest : Akadémiai Kiadó, 1970.
ISBN: (viaz.)
Fyzický popis: 381 s.
Tagy: Pridať tag
Žiadne tagy, Buďte prvý kto otaguje tento záznam!

MARC

LEADER 00000nam a2200000 a 4500
001 000094271
005 20100624094230.0
008 040101 1970 hu hun d
020 |a (viaz.)  |c Kčs 73,00 
040 |a SVKKK  |b slo  |c SVKKK  |e AACR2 
041 0 |a hun 
044 |a hu  |c HU 
100 1 |a Szénássy, Barna  |4 aut 
245 1 2 |a A magyarországi matematika története /  |c Barna Szénássy. 
260 |a Budapest :  |b Akadémiai Kiadó,  |c 1970. 
300 |a 381 s. 
910 |a svkkk 
998 |a BK 
090 |g SCKHL  |k Sklad  |a IV.67392  |j 440668  |i 2720304821  |s Absenčne